00455 2200193 4500001002100000005001500021008004100036035001900077041000700096082000900103090001400112100000800126245003900134250001600173260002700189300002000216500001000236650001500246INLIS00000000000398220241224112826241224||||||||| | ||| |||| || |  0010-1224003982 aid0 a00 5 a005 TIM p0 atim00aPengantar Rekayasa perangkat Lunak aEd. Pertama adepokbGunadarmac1996 a319 hlm.;21 cm. aCet.3 0aKarya Umum